000 00322nam a22001337a 4500
008 171018b xxu||||| |||| 00| 0 eng d
020 _a9780538878395
041 _aeng
080 _a338
100 _a53
101 _aMNG
245 _aSTRATEGIC MANAGEMENT OF ORGANIZATIONS AND STAKEHOLDERS
_cHARRISON
942 _2udc
_cBK
999 _c34541
_d34541